Praktické normování spotřeby práce v zemědělství /

Hlavní autor: Čalkovský, Svatopluk, 1915-
Jazyk: Čeština
Vydáno: Praha : Československá akademie zemědělských věd - Ústav vědeckotechnických informací, 1973
Edice: Metodiky pro zavádění výsledků výzkumu do praxe
Témata:
Fyzický popis: 27 stran ; 8°
Knihy
Uloženo v:
LEADER 01400nam a22003612i 4500
001 001581653
003 CZ BrMZK
005 20171025095939.0
007 ta
008 170620s1973 xr erf||||||||||cze d
015 |a cnb000440921 
035 |a (OCoLC)42175640 
040 |a ABA001  |b cze  |c OSA001  |d ABA001  |d ABA009  |d BOA001  |e rda 
072 7 |a 63  |x Zemědělství a příbuzné oblasti vědy a techniky  |2 Konspekt  |9 24 
080 |a 63  |2 MRF 
080 |a 338.312  |2 MRF 
080 |a (072)  |2 MRF 
100 1 |a Čalkovský, Svatopluk,  |d 1915-  |7 jk01020964  |4 aut 
245 1 0 |a Praktické normování spotřeby práce v zemědělství /  |c zpracoval Svatopluk Čalkovský 
264 1 |a Praha :  |b Československá akademie zemědělských věd - Ústav vědeckotechnických informací,  |c 1973 
300 |a 27 stran ;  |c 8° 
336 |a text  |b txt  |2 rdacontent 
337 |a bez média  |b n  |2 rdamedia 
338 |a svazek  |b nc  |2 rdacarrier 
490 1 |a Metodiky pro zavádění výsledků výzkumu do praxe ;  |v č. 2/1973 
650 0 7 |a zemědělství  |7 ph116770  |2 czenas 
650 0 7 |a produktivita práce  |7 ph124623  |2 czenas 
655 7 |a metodické příručky  |7 fd132826  |2 czenas 
830 0 |a Metodiky pro zavádění výsledků výzkumu do praxe 
910 |a BOA001  |b X-0698.154 
990 |a BK 
991 |b 201706 
996 6 |b 2618903302  |c X-0698.154  |l MZK  |r Sklad / do 24 hodin  |n 0  |w 001616989  |u 000010  |a 1  |e BOA001  |j MZK50  |s P